August 1914, (Record no. 16233)

000 -LEADER
fixed length control field 00488cam a2200169 4500
020 ## - INTERNATIONAL STANDARD BOOK NUMBER
ISBN 0370014650
040 ## - CATALOGING SOURCE
Transcribing agency DLC
041 1# - LANGUAGE CODE
Language code of original and/or intermediate translations of text rus
082 00 - DEWEY DECIMAL CLASSIFICATION NUMBER
Classification number 891 BOD 1972 A097 Or.
100 1# - MAIN ENTRY--AUTHOR NAME
Personal name Solzhenit︠s︡yn, Aleksandr Isaevich,
245 10 - TITLE STATEMENT
Title August 1914,
260 ## - PUBLICATION, DISTRIBUTION, ETC. (IMPRINT)
Place of publication London,
Name of publisher Bodley Head,
Year of publication 1972.
300 ## - PHYSICAL DESCRIPTION
Number of Pages 645 p., fold. leaf.
Other physical details col. map.
Dimensions 23 cm.
500 ## - GENERAL NOTE
General note Translation of Avgust chetyrnadt︠s︡atogo.
650 #0 - SUBJECT ADDED ENTRY--TOPICAL TERM
Topical Term Tannenberg, Battle of, Stębark, Poland, 1914
942 ## - ADDED ENTRY ELEMENTS (KOHA)
Koha item type សៀវភៅភាសាអង់គ្លេស
952 ## - LOCATION AND ITEM INFORMATION (KOHA)
Withdrawn status [LOCAL, KOHA] 0
Holdings
Permanent Location Date acquired Koha item type Lost status Shelving location Barcode Current Location Full call number
Library Block A2018-01-24សៀវភៅភាសាអង់គ្លេស A097A25150Library Block A891 BOD 1972 A097 Or.
មជ្ឈមណ្ឌលឯការនៃសាកលវិទ្យាល័យភូមិន្ទកសិកម្មចំការដូង

Powered by Koha